| 000 | 01250cam a22003377a 4500 | ||
|---|---|---|---|
| 003 | CHAP | ||
| 005 | 20220817043815.0 | ||
| 008 | 011122d1997 mx r 00110 esp d | ||
| 010 | _a84998 | ||
| 011 | _a85970 | ||
| 020 | _a9688173967 | ||
| 035 | _a96508 | ||
| 040 | _cCHAP | ||
| 090 | _aFolleto 16238 | ||
| 110 | 0 |
_aMéxico. Secretaría de Medio Ambiente, Recursos Naturales y Pesca _977201 |
|
| 245 | 1 | 3 |
_aA cinco años de Río : _bMéxico en la sesión especial de la asamblea general de las Naciones Unidas _c/por Secretaría de Medio Ambiente, Recursos Naturales y Pesca |
| 260 |
_aMéxico, D. F. : _bSecretaría de Medio Ambiente, Recursos Naturales y Pesca, _c1997. |
||
| 300 | _a25 p. | ||
| 500 | _aEdicion bilingue : español- inglés | ||
| 590 |
_aBATCH-UPD _b10 _c20130110 _lUCH01 _h1237 |
||
| 590 |
_aBATCH-UPD _b10 _c20130410 _lUCH01 _h0805 |
||
| 590 |
_aBATCH-UPD _b10 _c20130914 _lUCH01 _h1159 |
||
| 590 |
_aCONVERSION _b10 _c20130109 _lUCH01 _h1347 |
||
| 650 | 1 | 4 | _aDesarrollo sustentable. |
| 650 | 1 | 4 |
_aPolítica ambiental _xMéxico. _990426 |
| 650 | 1 | 4 |
_aRecursos naturales _xMéxico. _995299 |
| 901 | _aBK | ||
| 905 | _aMayto Villalobos S. | ||
| 942 | _cFOLL | ||
| 949 |
_aFolleto 16238 _bBC _cFOLL _d33724000994810 _eTS1 _i96508 _sb |
||
| 999 |
_c84998 _d84998 |
||